000
00293nam a2200121Ia 4500
005
20251222140048.0
008
251222s1900||||xx |||||||||||||| ||spa||
082
_a
109/A29
100
_a
Agazzi, Aldo
245
0
_a
Historia de la FilosofĂa y de la PedagogĂa:
264
_b
Marfil
942
_c
LIB
999
_c
3506
_d
3506